书目信息 |
| 题名: |
与领导力同行
|
|
| 作者: | 景耀勇 主编 | |
| 分册: | ||
| 出版信息: | 北京 光明日报出版社 2016 |
|
| 页数: | 245页 | |
| 开本: | 24cm | |
| 丛书名: | 名师名校名校长书系 | |
| 单 册: | ||
| 中图分类: | G633.202 , G635.5 | |
| 科图分类: | ||
| 主题词: | 政治课--教学研究--高中 , 高中生--领导能力--能力培养 | |
| 电子资源: | ||
| ISBN: | 978-7-5194-1312-5 | |
| 000 | 01037nam0 2200289 45 | |
| 001 | 012001001112 | |
| 005 | 20131026095539.0 | |
| 010 | @a978-7-5194-1312-5@dCNY36.00 | |
| 100 | @a20161019d2016 em y0chiy50 ea | |
| 101 | 0 | @achi |
| 102 | @aCN@b110000 | |
| 105 | @aa z 000yy | |
| 106 | @ar | |
| 200 | 1 | @a与领导力同行@9yu ling dao li tong xing@e高中政治课与中学生领导力开发@f景耀勇主编 |
| 210 | @a北京@c光明日报出版社@d2016@h2018重印 | |
| 215 | @a245页@c图@d24cm | |
| 225 | 1 | @a名师名校名校长书系 |
| 330 | @a本书包括经济生活中的学生领导力、政治生活中的学生领导力、文化生活中的学生领导力、哲学生活中的学生领导力等内容。 | |
| 461 | 0 | @12001 @a名师名校名校长书系 |
| 517 | 1 | @a高中政治课与中学生领导力开发@9gao zhong zheng zhi ke yu zhong xue sheng ling dao li kai fa |
| 606 | 0 | @a政治课@x教学研究@x高中 |
| 606 | 0 | @a高中生@x领导能力@x能力培养 |
| 690 | @aG633.202@v5 | |
| 690 | @aG635.5@v5 | |
| 701 | 0 | @a景耀勇@9jing yao yong@f(1970~)@4主编 |
| 801 | 0 | @aCN@b上海新华@c20191020 |
| 905 | @b1222592-5@dG633.202@e150@f4 | |
| 与领导力同行:高中政治课与中学生领导力开发/景耀勇主编.-北京:光明日报出版社,2016(2018重印) |
| 245页:图;24cm.-(名师名校名校长书系) |
| ISBN 978-7-5194-1312-5:CNY36.00 |
| 本书包括经济生活中的学生领导力、政治生活中的学生领导力、文化生活中的学生领导力、哲学生活中的学生领导力等内容。 |
| ● |
| 相关链接 |
|
|
|
|
正题名:与领导力同行
索取号:G633.202/150
 
预约/预借
| 序号 | 登录号 | 条形码 | 馆藏地/架位号 | 状态 | 备注 |
| 1 | 1222592 | 212225929 | 第一样本阅览室/ [索取号:G633.202/150] | 在馆 | |
| 2 | 1222593 | 212225938 | 教育系资料室/ [索取号:G633.202/150] | 在馆 | |
| 3 | 1222594 | 212225947 | 教育系资料室/ [索取号:G633.202/150] | 在馆 | |
| 4 | 1222595 | 212225956 | 第四借阅区/ [索取号:G633.202/150] | 在馆 |